000 00552nam a2200181Ia 4500
003 OSt
005 20200812124930.0
008 190216s9999||||xx |||||||||||||| ||und||
020 _a9780198503460
040 _coclc
082 _a547
_bCLA/O
100 _aClayden, Jonathan
_94069
245 0 _aOrganic Chemistry /
_cJonathan Clayden ; Nick Greeves ; Stuart Warren ; Peter Wothers
260 _bOxford University Press,
_aNew York:
_c2001.
300 _a1512p
650 _aChemistry
942 _cBK
_2ddc
_h547
_iCLA/O
_k547
_mCLA/O
999 _c3219
_d3219